01262cam a2200241 a 450000100100000000500170001000800410002704000300006808200150009810000800011324500950019326000940028830000280038244000310041049000300044150002240047165000430069570000440073883000580078291000340084095201180087499900280099200000575320200929151754.0760629s1964 uy 001 0 spa  aDO-SdBNPcTxUdOCoLCdDLC a342bM385a1 aMartínez, Martín C.q(Martín Casimiro Martínez),d1859-1946.91628310aAnte la nueva Constitución /cMartín C. Martínez ; prólogo, Héctor Gros Espiell. aMontevideo, Uruguay :bMinisterio de Instrucción Pública y Previsión Social,c1964. axxxix, 268 p. ;c20 cm. 0aBiblioteca Artigas.9162791 aClásicos uruguayosv48. aAppendix (p. [203]-268) : El primer bienio del Consejo Nacional.--Sobre interpretacion del articulo 100 de la Constitucion.--Sobre delegacion de competencias legislativas al Poder Ejecutivo.--La revision constitucional. 4aDerecho constitucionalzUruguay9162841 aGros Espiell, Héctor,epról.916285 0aBiblioteca Artigas.pclásicos uruguayos,v48916286 aCatalogación por copia / LC 001052708MOaGRbGRcCTd2009-08-22iLF1l0o342 M385ap5753-10r2020-06-25w2020-06-25y2ZPréstamo interno a1 n0000011c5549d5549